000 00469cam a22001337a 4500
008 180718b2001 xxu||||| |||| 00| 0 eng d
100 _aCadot, Olivier
245 _aCan duty drawbacks have a protectionist bias: evidence from mercosur
_cby Olivier Cadot, Jaime De Melo and Marcelo Olarreaga
260 _aWashington, D.C.
_bWorld Bank
_c2001
300 _a33p.
440 _aPolicy research working paper 2523
700 _aOlarreaga, Marcelo
700 _aMelo, Jaime De
999 _c286860
_d286860